QUIET IN HER BONES / (Record no. 191011)
[ view plain ]
| 000 -LEADER | |
|---|---|
| fixed length control field | 02038nam a2200325 i 4500 |
| 003 - CONTROL NUMBER IDENTIFIER | |
| control field | OSt |
| 005 - DATE AND TIME OF LATEST TRANSACTION | |
| control field | 20230105151320.0 |
| 008 - FIXED-LENGTH DATA ELEMENTS--GENERAL INFORMATION | |
| fixed length control field | 230105t20212021nyu gr 000 1 eng d |
| 020 ## - INTERNATIONAL STANDARD BOOK NUMBER | |
| International Standard Book Number | 9780593099124 |
| Terms of availability | RM 46.95 |
| Qualifying information | paperback |
| 040 ## - CATALOGING SOURCE | |
| Original cataloging agency | PPAK |
| Language of cataloging | eng |
| Transcribing agency | PPAK |
| Description conventions | rda |
| 082 04 - DEWEY DECIMAL CLASSIFICATION NUMBER | |
| Edition number | 23 |
| Classification number | 823.92 |
| 090 00 - LOCALLY ASSIGNED LC-TYPE CALL NUMBER (OCLC); LOCAL CALL NUMBER (RLIN) | |
| Classification number (OCLC) (R) ; Classification number, CALL (RLIN) (NR) | 823.92 |
| Feature heading | SIN |
| Feature heading | G |
| 100 1# - MAIN ENTRY--PERSONAL NAME | |
| Personal name | Singh, Nalini, |
| Dates associated with a name | 1977- |
| Relator term | author. |
| 245 10 - TITLE STATEMENT | |
| Title | QUIET IN HER BONES / |
| Statement of responsibility, etc. | NALINI SINGH. |
| 264 #1 - PRODUCTION, PUBLICATION, DISTRIBUTION, MANUFACTURE, AND COPYRIGHT NOTICE | |
| Place of production, publication, distribution, manufacture | New York : |
| Name of producer, publisher, distributor, manufacturer | Jove, |
| Date of production, publication, distribution, manufacture, or copyright notice | 2021 |
| Date of production, publication, distribution, manufacture, or copyright notice | ©2021 |
| 300 ## - PHYSICAL DESCRIPTION | |
| Extent | 483 pages ; |
| Dimensions | 19 cm. |
| 336 ## - CONTENT TYPE | |
| Content type term | text |
| Source | rdacontent |
| 337 ## - MEDIA TYPE | |
| Media type term | unmediated |
| Source | rdamedia |
| 338 ## - CARRIER TYPE | |
| Carrier type term | volume |
| Source | rdacarrier |
| 500 ## - GENERAL NOTE | |
| General note | "Nervy and unsettling." - The New York Times Book Review |
| 520 ## - SUMMARY, ETC. | |
| Summary, etc. | "In this gripping thriller set in New Zealand, New York Times bestselling author Nalini Singh takes you into the twisted world of an exclusive cul-de-sac located on the edge of a sprawling forest. My mother vanished ten years ago. So did a quarter of a million dollars in cash. Thief. Bitch. Criminal. Now, she's back. Her bones clothed in scarlet silk. When socialite Nina Rai disappeared without a trace, everyone wrote it off as another trophy wife tired of her wealthy husband. But now her bones have turned up in the shadowed green of the forest that surrounds her elite neighborhood, a haven of privilege and secrets that's housed the same influential families for decades. The rich live here, along with those whose job it is to make their lives easier. And somebody knows what happened to Nina one rainy night ten years ago. Her son, Aarav, heard a chilling scream that night, and he's determined to uncover the ugly truth that lives beneath the moneyed elegance...but no one is ready for the murderous secrets about to crawl out of the dark. Even the dead aren't allowed to break the rules in this cul-de-sac" |
| Assigning source | Provided by publisher<br/> |
| 650 10 - SUBJECT ADDED ENTRY--TOPICAL TERM | |
| Topical term or geographic name entry element | Missing persons |
| Topical term or geographic name entry element | Rich people |
| Topical term or geographic name entry element | Murder |
| Topical term or geographic name entry element | New Zealand |
| Topical term or geographic name entry element | Secrecy |
| Topical term or geographic name entry element | Murder |
| General subdivision | Investigation |
| 942 ## - ADDED ENTRY ELEMENTS (KOHA) | |
| Source of classification or shelving scheme | Dewey Decimal Classification |
| Koha item type | Book |
| Withdrawn | Not for loan | Current library | Shelving location | Date acquired | Total Checkouts | Full call number | Barcode | Date last seen | Date last checked out | Koha item type | Total Renewals | Checked out |
|---|---|---|---|---|---|---|---|---|---|---|---|---|
| Perpustakaan Alor Setar | Pinjaman Dewasa | 19/02/2023 | 1 | 823.92 SIN | A01770098 | 04/03/2026 | 12/02/2026 | Book | ||||
| Perpustakaan Awam Sungai Petani | Pinjaman Dewasa | 19/02/2023 | 823.92 SIN | A01770100 | 19/02/2023 | Book | ||||||
| Perpustakaan Baling | Pinjaman Dewasa | 19/02/2023 | 823.92 SIN | A01770104 | 19/02/2023 | Book | ||||||
| Perpustakaan Bandar Baharu | Pinjaman Dewasa | 19/02/2023 | 823.92 SIN | A01770105 | 19/02/2023 | Book | ||||||
| Perpustakaan Jitra | Pinjaman Dewasa | 19/02/2023 | 1 | 823.92 SIN | A01770101 | 27/09/2023 | 06/09/2023 | Book | ||||
| Perpustakaan Kuala Nerang | Pinjaman Dewasa | 19/02/2023 | 823.92 SIN | A01770109 | 19/02/2023 | Book | ||||||
| Perpustakaan Kulim | Pinjaman Dewasa | 19/02/2023 | 3 | 823.92 SIN | A01770103 | 25/04/2026 | 25/04/2026 | Book | 16/05/2026 | |||
| Perpustakaan Langkawi | Pinjaman Dewasa | 19/02/2023 | 1 | 823.92 SIN | A01770102 | 31/07/2024 | 18/07/2024 | Book | ||||
| Perpustakaan Merbok | Pinjaman Dewasa | 19/02/2023 | 823.92 SIN | A01770106 | 19/02/2023 | Book | ||||||
| Perpustakaan Pendang | Pinjaman Dewasa | 19/02/2023 | 823.92 SIN | A01770110 | 19/02/2023 | Book | ||||||
| Perpustakaan Sik | Pinjaman Dewasa | 19/02/2023 | 1 | 823.92 SIN | A01770108 | 16/10/2025 | 14/09/2025 | Book | ||||
| Perpustakaan Yan | Pinjaman Dewasa | 19/02/2023 | 1 | 823.92 SIN | A01770107 | 06/12/2023 | 26/10/2023 | Book | 1 | |||
| PD29, Kg. Gajah Putih, Sik | Pinjaman Dewasa | 19/02/2023 | 2 | 823.92 SIN | A01770099 | 28/07/2025 | 30/06/2025 | Book | 2 |